000
00237nam a2200097Ia 4500
001
641737
005
20250826153513.0
008
250824s9999 xx 000 0 und d
245
0
_a
AMBER İN ZAMAN KAPSÜLÜ
_c
FİGEN GÜLÜ
260
_b
TUDEM
999
_c
641737
_d
641737